02263nam a2200481 i 4500001001200000003000800012006001900020007001500039008004100054020001800095020002700113040003500140035002100175043001200196050002700208082001800235100002700253245010500280264007100385264001200456300005200468336002100520337002300541338003200564490005300596500002000649588004700669590014700716600004300863650005500906650006500961650004901026650005401075650004501129650004901174651005401223655002201277776027801299797001201577830004901589856012601638999001701764ebr10884625CaPaEBRm o d cr cn|||||||||140702t20092009paua o 001 0 eng d z9780822943679 a9780822973522 (e-book) aCaPaEBRbengerdaepncCaPaEBR a(OCoLC)884586499 ae-ur---14aLC178.S65b.H35 2009eb04a378.47/212221 aHalfin, Igal,eauthor.10aStalinist confessions :bmessianism and terror at the Leningrad Communist University /cIgal Halfin. 1aPittsburgh, Pennsylvania :bUniversity of Pittsburgh Press,c2009. 4c�2009 a1 online resource (496 pages) :billustrations. atext2rdacontent acomputer2rdamedia aonline resource2rdacarrier1 aPitt Series in Russian and East European Studies aIncludes index. aDescription based on print version record. aElectronic reproduction. Palo Alto, Calif. : ebrary, 2014. Available via World Wide Web. Access may be limited to ebrary affiliated libraries.10aStalin, Joseph,d1879-1953xInfluence. 0aHigher education and statezSoviet UnionxHistory. 0aCollege studentsxPolitical activityzSoviet UnionxHistory. 0aPolitical messianismzSoviet UnionxHistory. 0aState-sponsored terrorismzSoviet UnionxHistory. 0aPolitical purgeszSoviet UnionxHistory. 0aPolitical psychologyxHistoryy20th century. 0aSoviet UnionxPolitics and governmenty1936-1953. 0aElectronic books.08iPrint version:aHalfin, Igal.tStalinist confessions : messianism and terror at the Leningrad Communist University.dPittsburgh, Pennsylvania : University of Pittsburgh Press, c2009 hvii, 485 pages kSeries in Russian and East European studies.z9780822943679 w20090091472 aebrary. 0aSeries in Russian and East European studies.40uhttp://site.ebrary.com/lib/rucke/Doc?id=10884625zAn electronic book accessible through the World Wide Web; click to view c48434d48434